[Event "74th South Island Chess Championship"]
[Site "Oamaru NZL"]
[Date "2023.09.29"]
[Round "6.16"]
[White "Liu, Richard Jingjie"]
[Black "Fairley, Natasha"]
[Result "0-1"]
[WhiteElo "1528"]
[BlackElo "1771"]

1. e4 e5 2. Nf3 Nc6 3. Bc4 h6 4. Nc3 Nf6 5. d3 d6 6. h3 Na5 7. Bb3 Nxb3 8. axb3
a6 9. Be3 Be7 10. O-O c5 11. Nd2 Bd7 12. f4 exf4 13. Bxf4 Be6 14. Qf3 Nd7 15.
Nc4 Ne5 16. Nxe5 dxe5 17. Bxe5 f6 18. Bg3 O-O 19. Bf4 Bd6 20. Bxd6 Qxd6 21. Qf4
Qd4+ 22. Qf2 Qe5 23. Qe3 f5 24. Rae1 f4 25. Qe2 Rf6 26. Rf3 g5 27. Rf2 Raf8 28.
Ref1 Qd4 29. Kh1 Kg7 30. Qd1 Kg6 31. Qf3 Qe5 32. Qe2 h5 33. Nd5 Bxd5 34. exd5
Qxd5 35. Qf3 Qxf3 36. gxf3 Re6 37. Rg1 Kf5 38. Rfg2 Rg8 39. Rf2 Re3 40. Rgf1
Rge8 41. Kg2 Rg8 42. Kh2 Rge8 43. Ra1 g4 44. fxg4+ hxg4 45. hxg4+ Kxg4 46. Ra4
Rh8+ 47. Kg2 Rg3+ 48. Kf1 Rf3 49. Rxf3 Kxf3 50. Ke1 Kg3 51. Re4 f3 52. Re3 Rh1+
53. Kd2 Kg2 54. Re7 Rh2 55. Kc3 f2 56. Rg7+ Kf1 57. Rxb7 Kg1 58. Rf7 f1=Q 59.
Rxf1+ Kxf1 0-1

[Event "74th South Island Chess Championship"]
[Site "Oamaru NZL"]
[Date "2023.09.29"]
[Round "6.17"]
[White "Ashe, Michael"]
[Black "Barry, Jacob"]
[Result "0-1"]
[WhiteElo "1707"]
[BlackElo "1565"]

1. d4 Nf6 2. c4 e6 3. Nc3 Bb4 4. f3 d5 5. a3 Bxc3+ 6. bxc3 O-O 7. cxd5 exd5 8.
e3 Re8 9. Bd3 Nbd7 10. Ne2 c5 11. Qc2 c4 12. Bf5 g6 13. Bh3 Nf8 14. Bxc8 Rxc8
15. O-O b5 16. Ng3 a6 17. e4 Ne6 18. e5 Nd7 19. f4 Qb6 20. f5 Nxd4 21. cxd4
Qxd4+ 22. Kh1 Qxa1 23. Bb2 Qa2 24. Qd2 Rxe5 25. Qh6 Qxb2 26. h4 Qc3 27. Kh2 Re3
28. Rf3 Rxf3 29. gxf3 Qxf3 30. h5 Ne5 31. hxg6 Ng4+ 0-1

[Event "74th South Island Chess Championship"]
[Site "Oamaru NZL"]
[Date "2023.09.29"]
[Round "6.18"]
[White "Van Der Krogt, Adrian"]
[Black "Patel, Akash"]
[Result "1-0"]
[WhiteElo "1707"]
[BlackElo "1484"]

1. e4 e6 2. d4 d5 3. e5 c5 4. c3 Qb6 5. a3 Nc6 6. Nf3 cxd4 7. cxd4 Nge7 8. Bd3
Bd7 9. Be3 Qxb2 10. Nbd2 Qb6 11. Rb1 Qc7 12. Qb3 Na5 13. Qa2 Rc8 14. O-O Nec6
15. Rfc1 Be7 16. Rc3 f6 17. Qc2 f5 18. Rc1 Qd8 19. Nf1 O-O 20. Qd2 Be8 21. Be2
Bh5 22. Kh1 Bxf3 23. gxf3 Qe8 24. f4 a6 { scoresheets unable to be followed
past this point} 1-0

[Event "74th South Island Chess Championship"]
[Site "Oamaru NZL"]
[Date "2023.09.29"]
[Round "6.19"]
[White "Rowe, Abigail"]
[Black "Tao, Junqing Jerome"]
[Result "1-0"]
[WhiteElo "1412"]
[BlackElo "1634"]

1. e4 e5 2. Nc3 Nf6 3. f4 exf4 4. e5 Qe7 5. Qe2 Ng8 6. Nf3 Nc6 7. d4 d6 8. Nd5
Qd8 9. Nxc7+ Kd7 10. Nxa8 dxe5 11. d5 Nd4 12. Nxe5+ Ke8 13. Qe4 Bf5 14. Qxd4
Qxa8 15. Bb5+ Ke7 16. Qxf4 Bg6 17. Nxg6+ Kd8 18. Qxf7 Nf6 19. Bg5 Bb4+ 20. Kd1
Qc8 21. Bxf6+ gxf6 22. Qxf6+ Kc7 23. Nxh8 Qg4+ 24. Be2 Qxg2 25. d6+ Bxd6 26.
Qf3 Qg5 27. Nf7 Qc5 28. Qc3 Qxc3 29. bxc3 Be7 30. Bd3 Bf6 31. Kd2 h5 32. h4 Be7
33. Rae1 Bc5 34. Re5 Bf2 35. Rxh5 Bg3 36. Rf5 Kd7 37. h5 Ke6 38. h6 b5 39. h7
b4 40. h8=Q Kd7 41. Qd8+ Kc6 42. Rh6+ Kb7 43. Rb5# 1-0

[Event "74th South Island Chess Championship"]
[Site "Oamaru NZL"]
[Date "2023.09.29"]
[Round "6.20"]
[White "Wilson, Dion A"]
[Black "Coleman, Samantha"]
[Result "1-0"]
[WhiteElo "1611"]
[BlackElo "1305"]

1. e4 c5 2. Nf3 Nc6 3. Bb5 e6 4. c3 { } 4... Nce7 5. d4 Ng6 6. O-O Nf6 7. Re1
a6 8. Bd3 Qc7 9. e5 Nd5 10. Nbd2 Ngf4 11. Be4 cxd4 12. cxd4 Ng6 13. Bxd5 exd5
14. Nb3 Be7 15. Bg5 O-O 16. Bxe7 Nxe7 17. Rc1 Qd8 18. Re3 Nf5 19. Rec3 d6 20.
Qc2 Be6 21. Qd3 b5 22. exd6 Nxd6 23. Ne5 Qg5 24. Nc5 Bf5 25. Qf3 Be4 26. Nxe4
Nxe4 27. Rc7 Ra7 28. Rc8 Nf6 29. Rxf8+ Kxf8 30. Qa3+ Re7 31. Rc8+ Ne8 32. Qxa6
Qd2 33. Qxb5 f6 34. Nf3 Qd1+ 35. Qf1 Qxf1+ 36. Kxf1 Ra7 37. a3 Rb7 38. b4 Ra7
39. Rc3 Nd6 40. Ke2 Ne4 41. Rb3 g5 42. b5 Ke7 43. b6 Rb7 44. a4 Kd7 45. a5 Kc6
46. Nd2 Nd6 47. Kd3 f5 48. Rc3+ Kd7 49. Nb3 Ne4 50. Nc5+ Nxc5+ 51. dxc5 Kc6 52.
a6 Rb8 53. a7 Rd8 54. Ra3 Kb7 55. Kd4 h5 56. c6+ 1-0

[Event "74th South Island Chess Championship"]
[Site "Oamaru NZL"]
[Date "2023.09.29"]
[Round "6.22"]
[White "McLean, Gary"]
[Black "Loos, Rick"]
[Result "0-1"]
[WhiteElo "1449"]
[BlackElo "1602"]

1. d3 d5 2. Nf3 Nf6 3. Nbd2 g6 4. c3 Bg7 5. Qc2 O-O 6. e4 dxe4 7. dxe4 Nbd7 8.
Be2 Nc5 9. O-O c6 10. Re1 Ng4 11. Nf1 Kh8 12. Ng3 Qc7 13. h3 Ne5 14. Kh1 Nxf3
15. Bxf3 Be5 16. Be3 Ne6 17. Ne2 c5 18. g3 h5 19. h4 b6 20. Bg2 Bb7 21. f4 Bg7
22. Rf1 f5 23. Rf2 Rad8 24. Kh2 c4 25. Rff1 Nc5 26. Bxc5 Qxc5 27. Nd4 Bxd4 28.
cxd4 Rxd4 29. Rad1 Bxe4 30. Qc3 Rd8 31. Rxd4 Rxd4 32. Rd1 Bd3 33. Bf1 Kh7 34.
Qd2 Rd5 35. Qe1 Be4 36. Rc1 b5 37. a3 Qd6 38. Bg2 Rd2 0-1

[Event "74th South Island Chess Championship"]
[Site "Oamaru NZL"]
[Date "2023.09.29"]
[Round "6.23"]
[White "Bell, Daniel"]
[Black "Keeling, Roy L"]
[Result "1-0"]
[WhiteElo "1565"]
[BlackElo "1540"]

1. d4 Nf6 2. Bf4 d6 3. e3 g6 4. Nd2 Bg7 5. Bd3 Nbd7 6. Ngf3 O-O 7. O-O c5 8. c3
b6 9. Re1 Re8 10. Qc2 Nh5 11. Bg5 Bf6 12. d5 Ne5 13. Bxf6 Nxf3+ 14. Nxf3 Nxf6
15. c4 Bg4 16. Nd2 Bd7 17. h3 Qc7 18. Be2 e6 19. Ne4 Nxe4 20. Qxe4 exd5 21.
Qxd5 Qc6 22. Rad1 Qxd5 23. Rxd5 Be6 24. Rxd6 Red8 25. Red1 Rxd6 26. Rxd6 Kg7
27. b3 h6 28. Bf3 Rb8 29. Bc6 h5 30. e4 Kf6 31. f4 Ke7 32. Rd2 Rd8 33. Rxd8
Kxd8 34. Bd5 Ke7 35. h4 Bg4 36. a3 Bd1 37. b4 cxb4 38. axb4 f6 39. Kf2 Kd6 40.
Bf7 g5 41. fxg5 fxg5 42. hxg5 Ke7 43. g6 Kf6 44. g3 Kg7 45. b5 Bc2 46. Ke3 Bb1
47. Kd4 Bc2 48. Kd5 Bb3 49. e5 Bc2 50. Kd6 Bxg6 51. Bxg6 Kxg6 52. Kd7 1-0

[Event "74th South Island Chess Championship"]
[Site "Oamaru NZL"]
[Date "2023.09.29"]
[Round "6.25"]
[White "Blair, Rowan"]
[Black "Repia-King, Ian"]
[Result "0-1"]
[WhiteElo "1436"]
[BlackElo "1270"]

1. d4 d5 2. Bf4 Nf6 3. e3 Bf5 4. Bd3 Bg6 5. Bxg6 hxg6 6. Nd2 c5 7. c3 c4 8.
Qa4+ Nc6 9. Qb5 Qd7 10. Ngf3 a6 11. Qb6 Rc8 12. O-O Qd8 13. Qc5 e5 14. Qxf8+
Kxf8 15. Bxe5 Ng4 16. b3 Ngxe5 17. dxe5 cxb3 18. Nxb3 Qe7 19. Rab1 Nxe5 20.
Nxe5 Qxe5 21. Nd4 Qxh2# 0-1

[Event "74th South Island Chess Championship"]
[Site "Oamaru NZL"]
[Date "2023.09.29"]
[Round "6.26"]
[White "Frith, Hunter"]
[Black "Gudoy, Paul"]
[Result "1/2-1/2"]
[WhiteElo "1343"]
[BlackElo "1382"]

1. d4 d5 2. Nc3 e6 3. Bf4 Bd6 4. Qd2 f5 5. O-O-O Nf6 6. Bxd6 Qxd6 7. g3 c6 8.
Qf4 Qxf4+ 9. gxf4 Ne4 10. Nxe4 fxe4 11. e3 b6 12. f3 Ba6 13. Bxa6 Nxa6 14. fxe4
dxe4 15. Ne2 Nb4 16. Ng3 1/2-1/2

[ePGN "0.1;DGT LiveChess/2.2.5"]

[Event "South Island Championships 2023"]
[Site "Oamaru, New Zealand"]
[Date "????.??.??"]
[Round "7.6"]
[White "Kerr, Atlas"]
[Black "Mayrhuber, Nikola"]
[Result "1-0"]
[TimeControl "90 + 30"]
[WhiteFideId "4319486"]
[BlackFideId "1637819"]
[WhiteElo "1853"]
[BlackElo "2059"]

1. b4 {[%clk 01:30:59]} d5 {[%clk 01:28:36]} {[%emt 00:02:25]} 2. Bb2 {[%clk
01:31:15]} {[%emt 00:00:13]} e6 {[%clk 01:28:56]} {[%emt 00:00:11]} 3. Nf3
{[%clk 01:29:57]} {[%emt 00:01:48]} Nf6 {[%clk 01:29:13]} {[%emt 00:00:12]} 4.
b5 {[%clk 01:29:59]} {[%emt 00:00:28]} a6 {[%clk 01:26:50]} {[%emt 00:02:54]} 5.
a4 {[%clk 01:25:54]} {[%emt 00:04:34]} Bd6 {[%clk 01:19:22]} {[%emt 00:07:58]}
6. e3 {[%clk 01:25:43]} {[%emt 00:00:42]} O-O {[%clk 01:17:43]} {[%emt
00:02:08]} 7. c4 {[%clk 01:20:40]} {[%emt 00:05:33]} axb5 {[%clk 01:12:37]}
{[%emt 00:05:36]} 8. cxb5 {[%clk 01:17:50]} {[%emt 00:03:20]} c5 {[%clk
01:10:37]} {[%emt 00:02:30]} 9. Be2 {[%clk 01:11:27]} {[%emt 00:06:52]} Nbd7
{[%clk 01:07:28]} {[%emt 00:03:39]} 10. d4 {[%clk 01:09:33]} {[%emt 00:02:25]}
cxd4 {[%clk 01:02:58]} {[%emt 00:04:59]} 11. exd4 {[%clk 01:09:02]} {[%emt
00:01:01]} Ne4 {[%clk 01:01:16]} {[%emt 00:02:12]} 12. O-O {[%clk 01:07:31]}
{[%emt 00:02:01]} f5 {[%clk 00:59:47]} {[%emt 00:02:00]} 13. Ne5 {[%clk
00:59:18]} {[%emt 00:08:43]} Qf6 {[%clk 00:50:09]} {[%emt 00:10:08]} 14. f3
{[%clk 00:50:08]} {[%emt 00:09:38]} Ng5 {[%clk 00:47:14]} {[%emt 00:03:26]} 15.
f4 {[%clk 00:48:14]} {[%emt 00:02:24]} Ne4 {[%clk 00:45:56]} {[%emt 00:01:47]}
16. Nd2 {[%clk 00:47:07]} {[%emt 00:01:38]} Qh6 {[%clk 00:36:25]} {[%emt
00:10:01]} 17. Nxe4 {[%clk 00:39:41]} {[%emt 00:07:56]} fxe4 {[%clk 00:36:44]}
{[%emt 00:00:10]} 18. Bc1 {[%clk 00:38:30]} {[%emt 00:01:42]} Qh4 {[%clk
00:33:42]} {[%emt 00:03:31]} 19. g3 {[%clk 00:35:32]} {[%emt 00:03:29]} Qd8
{[%clk 00:32:51]} {[%emt 00:01:21]} 20. Bd2 {[%clk 00:33:53]} {[%emt 00:02:09]}
Qb6 {[%clk 00:31:42]} {[%emt 00:01:39]} 21. Be3 {[%clk 00:28:18]} {[%emt
00:06:05]} Bb4 {[%clk 00:22:23]} {[%emt 00:09:49]} 22. Qb3 {[%clk 00:24:46]}
{[%emt 00:04:02]} Qd6 {[%clk 00:22:28]} {[%emt 00:00:25]} 23. Kg2 {[%clk
00:21:15]} {[%emt 00:04:01]} Nb6 {[%clk 00:20:03]} {[%emt 00:02:55]} 24. h4
{[%clk 00:21:11]} {[%emt 00:00:34]} Bd7 {[%clk 00:19:42]} {[%emt 00:00:51]} 25.
Rfb1 {[%clk 00:15:22]} {[%emt 00:06:19]} Ba5 {[%clk 00:20:07]} {[%emt
00:00:05]} 26. Bc1 {[%clk 00:14:58]} {[%emt 00:00:54]} Rfc8 {[%clk 00:16:16]}
{[%emt 00:04:21]} 27. Ba3 {[%clk 00:15:15]} {[%emt 00:00:13]} Qc7 {[%clk
00:15:41]} {[%emt 00:01:05]} 28. Bc5 {[%clk 00:14:42]} {[%emt 00:01:02]} Be8
{[%clk 00:15:18]} {[%emt 00:00:54]} 29. Bg4 {[%clk 00:14:30]} {[%emt 00:00:42]}
Bf7 {[%clk 00:14:28]} {[%emt 00:01:20]} 30. f5 {[%clk 00:11:23]} {[%emt
00:03:37]} exf5 {[%clk 00:12:08]} {[%emt 00:02:50]} 31. Bxf5 {[%clk 00:11:45]}
{[%emt 00:00:08]} Rd8 {[%clk 00:12:28]} {[%emt 00:00:10]} 32. Rf1 {[%clk
00:11:25]} {[%emt 00:00:50]} Nc4 {[%clk 00:09:10]} {[%emt 00:03:49]} 33. Bxh7+
{[%clk 00:09:36]} {[%emt 00:02:18]} Kxh7 {[%clk 00:09:00]} {[%emt 00:00:39]} 34.
Rxf7 {[%clk 00:09:34]} {[%emt 00:00:32]} Qc8 {[%clk 00:08:41]} {[%emt
00:00:50]} 35. Nxc4 {[%clk 00:08:03]} {[%emt 00:02:00]} dxc4 {[%clk 00:09:10]}
{[%emt 00:00:02]} 36. Qe3 {[%clk 00:08:09]} {[%emt 00:00:24]} Qe6 {[%clk
00:09:08]} {[%emt 00:00:32]} 37. Raf1 {[%clk 00:08:26]} {[%emt 00:00:13]} Qd5
{[%clk 00:05:18]} {[%emt 00:04:20]} 38. R1f5 {[%clk 00:07:36]} {[%emt
00:01:20]} Bd2 {[%clk 00:05:08]} {[%emt 00:00:40]} 39. Qe2 {[%clk 00:07:07]}
{[%emt 00:00:59]} Qe6 {[%clk 00:04:06]} {[%emt 00:01:32]} 40. Qxd2 {[%clk
00:06:26]} {[%emt 00:01:11]} e3 {[%clk 00:03:07]} {[%emt 00:01:30]} 41. Qe2
{[%clk 00:06:53]} {[%emt 00:00:03]} Kg8 {[%clk 00:01:36]} {[%emt 00:02:02]} 42.
Qg4 {[%clk 00:05:42]} {[%emt 00:01:40]} Qxf7 {[%clk 00:00:47]} {[%emt
00:01:19]} 43. Rxf7 {[%clk 00:06:04]} {[%emt 00:00:08]} Kxf7 {[%clk 00:01:14]}
{[%emt 00:00:03]} 44. Qf5+ {[%clk 00:05:24]} {[%emt 00:01:09]} Kg8 {[%clk
00:01:35]} {[%emt 00:00:09]} 45. Qe6+ {[%clk 00:05:04]} {[%emt 00:00:51]} Kh8
{[%clk 00:02:01]} {[%emt 00:00:04]} 46. Qxc4 {[%clk 00:05:21]} {[%emt
00:00:13]} 1-0

[Event "South Island Championships 2023"]
[Site "Oamaru, New Zealand"]
[Date "????.??.??"]
[Round "7.8"]
[White "McConnell, Jack"]
[Black "Carpinter, Anthony L"]
[Result "1-0"]
[TimeControl "90 + 30"]
[WhiteFideId "4321871"]
[BlackFideId "4300238"]
[WhiteElo "1640"]
[BlackElo "2217"]

1. e4 {[%clk 01:30:57]} {[%emt 00:00:02]} e6 {[%clk 01:30:49]} {[%emt
00:00:12]} 2. d4 {[%clk 01:31:21]} {[%emt 00:00:06]} d5 {[%clk 01:31:15]}
{[%emt 00:00:05]} 3. Nc3 {[%clk 01:31:45]} {[%emt 00:00:06]} Nf6 {[%clk
01:31:37]} {[%emt 00:00:07]} 4. Bg5 {[%clk 01:32:09]} {[%emt 00:00:05]} Be7
{[%clk 01:31:47]} {[%emt 00:00:21]} 5. e5 {[%clk 01:32:33]} {[%emt 00:00:06]}
Nfd7 {[%clk 01:32:10]} {[%emt 00:00:07]} 6. Bxe7 {[%clk 01:32:56]} {[%emt
00:00:08]} Qxe7 {[%clk 01:32:32]} {[%emt 00:00:08]} 7. f4 {[%clk 01:33:19]}
{[%emt 00:00:06]} a6 {[%clk 01:29:54]} {[%emt 00:03:09]} 8. Nf3 {[%clk
01:33:43]} {[%emt 00:00:06]} c5 {[%clk 01:30:14]} {[%emt 00:00:10]} 9. Bd3
{[%clk 01:34:05]} {[%emt 00:00:07]} cxd4 {[%clk 01:29:10]} {[%emt 00:01:35]} 10.
Ne2 {[%clk 01:34:25]} {[%emt 00:00:10]} Qb4+ {[%clk 01:27:45]} {[%emt
00:01:54]} 11. Qd2 {[%clk 01:34:47]} {[%emt 00:00:09]} Qxb2 {[%clk 01:27:17]}
{[%emt 00:00:58]} 12. O-O {[%clk 01:35:08]} {[%emt 00:00:08]} g6 {[%clk
01:20:39]} {[%emt 00:07:08]} 13. f5 {[%clk 01:14:03]} {[%emt 00:21:35]} gxf5
{[%clk 01:16:43]} {[%emt 00:04:26]} 14. Qh6 {[%clk 01:12:05]} {[%emt 00:02:27]}
Qa3 {[%clk 01:15:14]} {[%emt 00:02:00]} 15. Nfxd4 {[%clk 01:04:59]} {[%emt
00:07:36]} Qf8 {[%clk 01:12:37]} {[%emt 00:03:06]} 16. Qe3 {[%clk 01:01:23]}
{[%emt 00:04:06]} Nc5 {[%clk 01:12:20]} {[%emt 00:00:47]} 17. Nxf5 {[%clk
00:57:22]} {[%emt 00:04:32]} exf5 {[%clk 01:11:48]} {[%emt 00:01:02]} 18. Bxf5
{[%clk 00:57:24]} {[%emt 00:00:28]} Nc6 {[%clk 00:58:02]} {[%emt 00:14:16]} 19.
Bxc8 {[%clk 00:52:12]} {[%emt 00:05:42]} Rxc8 {[%clk 00:58:04]} {[%emt
00:00:28]} 20. Rad1 {[%clk 00:45:29]} {[%emt 00:07:13]} Rd8 {[%clk 00:51:40]}
{[%emt 00:06:54]} 21. Rf6 {[%clk 00:42:46]} {[%emt 00:03:13]} Ne6 {[%clk
00:49:35]} {[%emt 00:02:34]} 22. Rdf1 {[%clk 00:42:22]} {[%emt 00:00:54]} Qc5
{[%clk 00:46:23]} {[%emt 00:03:43]} 23. Rxe6+ {[%clk 00:42:20]} {[%emt
00:00:32]} 1-0

[Event "South Island Championships 2023"]
[Site "Oamaru, New Zealand"]
[Date "????.??.??"]
[Round "7.3"]
[White "Ong, Rommel"]
[Black "Christie, Richie"]
[Result "1-0"]
[TimeControl "90 + 30"]
[WhiteFideId "5259630"]
[BlackFideId "4307470"]
[WhiteElo "1852"]
[BlackElo "1927"]

1. e4 {[%clk 01:30:54]} {[%emt 00:00:05]} Nf6 {[%clk 01:31:00]} 2. e5 {[%clk
01:31:09]} {[%emt 00:00:15]} Nd5 {[%clk 01:31:28]} {[%emt 00:00:02]} 3. d4
{[%clk 01:31:15]} {[%emt 00:00:23]} d6 {[%clk 01:31:57]} 4. Nf3 {[%clk
01:31:27]} {[%emt 00:00:18]} dxe5 {[%clk 01:32:23]} {[%emt 00:00:05]} 5. Nxe5
{[%clk 01:31:44]} {[%emt 00:00:13]} c6 {[%clk 01:32:49]} {[%emt 00:00:04]} 6.
Qf3 {[%clk 01:27:15]} {[%emt 00:04:59]} Be6 {[%clk 01:32:23]} {[%emt 00:00:56]}
7. c3 {[%clk 01:08:33]} {[%emt 00:19:11]} g6 {[%clk 01:28:54]} {[%emt
00:03:58]} 8. Nd2 {[%clk 01:03:52]} {[%emt 00:05:13]} Bg7 {[%clk 01:25:39]}
{[%emt 00:03:44]} 9. Ne4 {[%clk 01:02:03]} {[%emt 00:02:19]} f6 {[%clk
01:17:01]} {[%emt 00:09:09]} 10. Nd3 {[%clk 00:58:45]} {[%emt 00:03:47]} Qc8
{[%clk 01:10:57]} {[%emt 00:06:35]} 11. h3 {[%clk 00:56:59]} {[%emt 00:02:16]}
O-O {[%clk 01:00:08]} {[%emt 00:11:18]} 12. Be2 {[%clk 00:53:12]} {[%emt
00:04:17]} Nd7 {[%clk 00:52:18]} {[%emt 00:08:21]} 13. Nec5 {[%clk 00:43:08]}
{[%emt 00:10:33]} Nxc5 {[%clk 00:49:09]} {[%emt 00:03:40]} 14. Nxc5 {[%clk
00:43:37]} Bf7 {[%clk 00:48:39]} {[%emt 00:01:00]} 15. O-O {[%clk 00:43:54]}
{[%emt 00:00:13]} Nc7 {[%clk 00:41:02]} {[%emt 00:08:06]} 16. Re1 {[%clk
00:40:29]} {[%emt 00:03:55]} Bd5 {[%clk 00:32:54]} {[%emt 00:08:38]} 17. Qg3
{[%clk 00:40:29]} {[%emt 00:00:30]} b6 {[%clk 00:29:23]} {[%emt 00:04:01]} 18.
Nb3 {[%clk 00:40:48]} {[%emt 00:00:12]} Qd7 {[%clk 00:28:39]} {[%emt 00:01:13]}
19. c4 {[%clk 00:38:00]} {[%emt 00:03:18]} Bf7 {[%clk 00:28:10]} {[%emt
00:01:00]} 20. Be3 {[%clk 00:38:03]} {[%emt 00:00:26]} Rae8 {[%clk 00:26:25]}
{[%emt 00:02:15]} 21. Rad1 {[%clk 00:38:14]} {[%emt 00:00:19]} f5 {[%clk
00:25:28]} {[%emt 00:01:28]} 22. Bf4 {[%clk 00:33:02]} {[%emt 00:05:41]} Ne6
{[%clk 00:23:48]} {[%emt 00:02:10]} 23. Be5 {[%clk 00:33:22]} {[%emt 00:00:10]}
Kh8 {[%clk 00:22:17]} {[%emt 00:02:00]} 24. d5 {[%clk 00:27:21]} {[%emt
00:06:32]} cxd5 {[%clk 00:19:35]} {[%emt 00:03:12]} 25. cxd5 {[%clk 00:27:43]}
{[%emt 00:00:08]} Bxe5 {[%clk 00:19:46]} {[%emt 00:00:20]} 26. Qxe5+ {[%clk
00:27:20]} {[%emt 00:00:52]} Ng7 {[%clk 00:20:14]} {[%emt 00:00:01]} 27. Bf3
{[%clk 00:26:12]} {[%emt 00:01:39]} Qa4 {[%clk 00:18:38]} {[%emt 00:02:07]} 28.
Nd4 {[%clk 00:24:58]} {[%emt 00:01:43]} Kg8 {[%clk 00:10:26]} {[%emt 00:08:43]}
29. Nc6 {[%clk 00:24:05]} {[%emt 00:01:23]} e6 {[%clk 00:07:32]} {[%emt
00:03:23]} 30. d6 {[%clk 00:24:11]} {[%emt 00:00:24]} Rd8 {[%clk 00:06:59]}
{[%emt 00:01:04]} 31. Rd4 {[%clk 00:19:08]} {[%emt 00:05:32]} Qxa2 {[%clk
00:05:03]} {[%emt 00:02:26]} 32. Nxd8 {[%clk 00:19:25]} {[%emt 00:00:14]} Rxd8
{[%clk 00:05:32]} 33. d7 {[%clk 00:19:42]} {[%emt 00:00:13]} Qa5 {[%clk
00:04:58]} {[%emt 00:01:04]} 34. Qxa5 {[%clk 00:16:04]} {[%emt 00:04:08]} bxa5
{[%clk 00:05:26]} {[%emt 00:00:02]} 35. Re5 {[%clk 00:16:13]} {[%emt 00:00:20]}
Kf8 {[%clk 00:05:38]} {[%emt 00:00:19]} 36. Rxa5 {[%clk 00:16:42]} {[%emt
00:00:01]} Ke7 {[%clk 00:05:51]} {[%emt 00:00:17]} 37. Rxa7 {[%clk 00:17:09]}
{[%emt 00:00:03]} e5 {[%clk 00:06:14]} {[%emt 00:00:07]} 38. Rd1 {[%clk
00:16:42]} {[%emt 00:00:57]} Be6 {[%clk 00:04:50]} {[%emt 00:01:54]} 39. Bc6
{[%clk 00:15:57]} {[%emt 00:01:15]} Nh5 {[%clk 00:05:16]} {[%emt 00:00:04]} 40.
b4 {[%clk 00:16:11]} {[%emt 00:00:17]} Nf6 {[%clk 00:05:28]} {[%emt 00:00:17]}
41. b5 {[%clk 00:14:57]} {[%emt 00:01:44]} Bxd7 {[%clk 00:03:10]} {[%emt
00:02:49]} 42. b6 {[%clk 00:14:20]} {[%emt 00:01:06]} 1-0